Psych Season 1 - Statistics

General Stats
  • This quiz has been taken 54 times
    53 since last reset
  • The average score is 6 of 15
Answer Stats
Hint Answer % Correct
Who did the "little boy" cat go to at the end of "9 Lives" Buzz McNab
74%
Where did Shawn and Juliet first meet? the Diner
70%
What weapon did she try to kill her with? ax
63%
What hobby of Lassiter's is revealed in Weekend Warriors? Civil War re-enactment
60%
What does Henry make Shawn do in episode 2? build a doghouse
58%
Gus's nickname in "Shawn vs the Red Phantom" Magic Head
53%
The word Shawn asks in "Spellingg Bee" that has become a famous Psych quote Banana
51%
Shawn brags to her that he can make a straw wrapper... Crawl like a worm
49%
How was Shawn injured in Episode 2? driven off the road on his motorcycle
44%
Event the 4 main characters had to partake in to "observe" possible suspects speed dating
21%
Who tries to kill Juliet in Scary Sherry Alice
14%
Who directed Scary Sherry? John Landis
2%
The producers nicknamed this episode "Cloudy With a Chance of...?" boring
0%
Who was Gus's love intrest in "...Earth to Starbucks" in relation to the cast? Dule Hill's wife
0%
Juliet's undercover alias Mary Lou Baumgartener
0%
No matching quizzes found
Score Distribution
Percent of People with Each Score
Percentile by Number Answered
Your Score History
You have not taken this quiz since the last reset